| 000 | 00393pab a2200157 454500 | ||
|---|---|---|---|
| 008 | 180718b2003 xxu||||| |||| 00| 0 eng d | ||
| 100 | _aGuo, Baogang | ||
| 245 | _aTransforming China's urban health-care system | ||
| 260 | _c2003 | ||
| 300 | _ap.385-403. | ||
| 362 | _aMar-Apr | ||
| 650 | _aHealth services - China | ||
| 650 | _aHealth services | ||
| 773 | _aAsian Survey | ||
| 909 | _a58639 | ||
| 999 |
_c58639 _d58639 |
||